|
|
|
|
| LEADER |
00958ncm a22002532a 4500 |
| 001 |
000196729 |
| 003 |
CZ BrMZK |
| 005 |
20110127131122.0 |
| 007 |
qu |
| 008 |
960101s1945 xr f cze d |
| 040 |
|
|
|a BOA001
|b cze
|
| 072 |
|
7 |
|a 784
|x Vokální hudba
|2 Konspekt
|9 9
|
| 100 |
1 |
|
|a Ondráček, Bedřich,
|d 1882-1956
|7 jx20090613010
|4 cmp
|
| 245 |
1 |
0 |
|a Nešťastný pátek
|h [hudebnina] :
|b lidová valčíková píseň /
|c hudba B. Ondráček ; slova V. Zeman a J. Korda
|
| 260 |
|
|
|a Praha :
|b A.J. Boháč,
|c [1945?]
|
| 300 |
|
|
|a [4] s.
|
| 490 |
1 |
|
|a [Popěvky nakladatelství A.J. Boháč] ;
|v sv. 62
|
| 700 |
1 |
|
|a Zeman, Vašek,
|d 1909-1987
|7 jx20040920001
|4 lyr
|
| 700 |
1 |
|
|a Korda, Jenda,
|d 1904-1986
|7 jx20090701002
|4 lyr
|
| 830 |
|
0 |
|a [Popěvky nakladatelství A.J. Boháč]
|
| 910 |
|
|
|a BOA001
|b Mus1-0185.049,62
|
| 990 |
|
|
|a MU
|
| 991 |
|
|
|b 201101
|
| 996 |
6 |
|
|b 2619934407
|c Mus1-0185.049,62
|l MZK
|r Sklad / do 1 hodiny
|n 1
|w 000196729
|u 000010
|a 1
|e BOA001
|j MZK50
|s P
|